Central Library OPAC University of Rajshahi

The British Prime Minister : (Record no. 5943)

MARC details
000 -LEADER
fixed length control field 00808cam a2200301 4500
001 - CONTROL NUMBER
control field 5943
003 - CONTROL NUMBER IDENTIFIER
rucl marc code BD-RjUL
005 - DATE AND TIME OF LATEST TRANSACTION
control field 20211208234146.0
008 - FIXED-LENGTH DATA ELEMENTS--GENERAL INFORMATION
fixed length control field 14 t1969 enk b 001 0 eng
020 ## - INTERNATIONAL STANDARD BOOK NUMBER
International Standard Book Number 0333103580
035 ## - SYSTEM CONTROL NUMBER
System control number MITb10502303
System control number (OCoLC)00062868
System control number (BD-RjUL)5982
040 ## - CATALOGING SOURCE
Original cataloging agency DLC
Transcribing agency DLC
Modifying agency m.c.
-- RCD
-- BD-RjUL
Language of cataloging eng
041 ## - LANGUAGE CODE
Language code of text/sound track or separate title eng
082 04 - DEWEY DECIMAL CLASSIFICATION NUMBER
Edition number 16
Classification number 354.42
Author mark and year BRI 1969
090 ## - LOCALLY ASSIGNED LC-TYPE CALL NUMBER (OCLC); LOCAL CALL NUMBER (OCLC)
Classification number (OCLC) (R) ; Classification number, CALL (RLIN) (NR) JN405
Local cutter number (OCLC) ; Book number/undivided call number, CALL (RLIN) .K52
099 ## - LOCAL FREE-TEXT CALL NUMBER (OCLC)
Bangla Class number JN405.K52
245 14 - TITLE STATEMENT
Title The British Prime Minister :
Remainder of title a reader /
Statement of responsibility, etc. edited by Anthony King.
260 ## - PUBLICATION, DISTRIBUTION, ETC. (IMPRINT)
Place of publication, distribution, etc. London :
Name of publisher, distributor, etc. Macmillan,
Date of publication, distribution, etc. 1969.
300 ## - PHYSICAL DESCRIPTION
Pagination xv, 221 p. ;
Size 23 cm.
504 ## - BIBLIOGRAPHY, ETC. NOTE
Bibliography, etc Includes index.
650 #0 - SUBJECT ADDED ENTRY--TOPICAL TERM
Topical term or geographic name as entry element Prime ministers
Geographic subdivision Great Britain.
9 (RLIN) 18665
700 1# - ADDED ENTRY--PERSONAL NAME
Personal name King, Anthony
942 ## - ADDED ENTRY ELEMENTS (KOHA)
Source of classification or shelving scheme Dewey Decimal Classification
Koha item type Books
949 ## - LOCAL PROCESSING INFORMATION (OCLC)
a MYGD
Holdings
Lost status Source of classification or shelving scheme Damaged status Not for loan Collection code Permanent Location Current Location Shelving location Date acquired Source of acquisition Cost, normal purchase price Total Checkouts Full call number Date last seen Copy number Koha item type
  Dewey Decimal Classification     Non-fiction Central Library, University of Rajshahi Central Library, University of Rajshahi   22/04/1974 Book centre 25.00   354.42 BRI 1969 08/01/2014 C-3 Books
  Dewey Decimal Classification     Non-fiction Central Library, University of Rajshahi Central Library, University of Rajshahi   02/04/1973 Book Centre. 22.00   354.42 BRI 1969 15/01/2014 C-2 Books
  Dewey Decimal Classification     Non-fiction Central Library, University of Rajshahi Central Library, University of Rajshahi   02/08/1972 Book Centre 22.00   354.42 BRI 1969 04/08/2016 C-4 Books